000 00515nas a22001577a 4500
003 NALT
005 20201229160222.0
008 201229b th |||p| |||| 00| 0 tha d
022 _a26512467 (Online)
040 _aNALT
041 _atha
245 0 0 _aวารสารมนุษยศาสตร์และสังคมศาสตร์มหาวิทยาลัยนครพนม
246 3 1 _aJournal of Humanities and Social Sciences Nakhon Phanom University
850 _aNALT
942 _cJNR
999 _c97892
_d97892
998 _h755
_j755
_k จินตนา เอี่ยมคง